000 00834nam a2200205Ii 4500
003 JO-AjNU
008 230605s9999||||xx |||||||||||||| ||und||
040 _aJO-AjNU
_bara
_erda
_cJO-AjNU
041 _aara
050 1 4 _aDS36.S6.A96 1990
100 3 _aالعيدروس، محمد حسن,
_eauthor
_919144
245 0 0 _aالعلاقات العربية - الاسبانية: دراسة في العلاقات التجارية والاستثمارية الاماراتية - الاسبانية
250 _aط1
264 3 1 _aأبو ظبي: دار المتنبي للطباعة والنشر، 1990
300 _a88ص
336 _atext
_btxt
_2rdacontent
337 _aunmediated
_bn
_2rdamedia
338 _avolume
_bnc
_2rdacarrier
650 4 _aالعلاقات ادولية - العربية- الاسبانية - تاريخ
_919145
999 _aA6257
_c9825
_d9825